000 00514nam a22001697a 4500
020 _a9780132216418
050 _aQA276.12
_b.E93 2008
100 _a Evans,Annabel
245 _aUsing basic statistics in the behavioral and social sciences
_c Annabel Evans
250 _aFifth edition
260 _aLos Angeles
_b SAGE
_c [2014]
300 _axvi, 605 pages ; 24 cm
500 _a
650 _b Social sciences -- Statistical methods.
650 _bPsychology -- Statistical methods.
942 _2lcc
_cGEN
999 _c8301
_d8301